00532nam a2200205 a 4500001001300000003000900013005001700022008004100039020001000080082001600090100001900106245004600125260003400171300000900205500003500214505001700249650001900266650002200285700001900307nice12345678IN_TiNIC20260116015215.0050524s1992 oxfa grp 000 0 eng  ac10000a956.94bCHA aChapman, Colin aWhose Promised Landb Israel Or Palestine aOxfordbLion Paper Backc1992 a287p aincludes index and biblioraphy2 abibliography aIsrael-History aPalestine-History1 aChapman, Colin